[Event "DEM U10/U10w 2013"]
[Site "Oberhof GER"]
[Date "2013.05.25"]
[Round "11"]
[White "Klemke, Kassandra"]
[Black "Zell, Hannah"]
[Result "1-0"]
[Termination "normal"]
[Board "46"]
[WhiteElo "1163"]
[BlackElo "723"]
[PlyCount "199"]
[WhiteFideId "16217128"]
[BlackFideId "16208900"]
[EventCountry "GER"]
[EventRounds "11"]
[EventType "swiss"]
[EventDate "2013.05.18"]

1. e4 e5 2. Nf3 Nc6 3. Bc4 Nd4 4. c3 Nxf3+ 5. Qxf3 Qf6 6. Qxf6 Nxf6 7. d3 Be7
8. Nd2 O-O 9. b4 d6 10. O-O Bg4 11. f3 Bh5 12. Bb2 Rab8 13. d4 c5 14. bxc5 dxc5
15. dxe5 Nd7 16. f4 Bg4 17. h3 Be6 18. Bb5 Nb6 19. a4 a6 20. Bd3 c4 21. Be2
Bc5+ 22. Kh1 Rbd8 23. Rfd1 Be3 24. Nf3 Rxd1+ 25. Rxd1 Bxf4 26. Ba3 Re8 27. Rb1
Nxa4 28. Rxb7 Bc8 29. Rb4 Nxc3 30. Bxc4 Nxe4 31. Bxf7+ Kxf7 32. Rxe4 Bg3 33.
Ng5+ Kg8 34. Nf3 Bf5 35. Re3 Bf4 36. Re1 h5 37. Nh4 Bd3 38. Ng6 Bxg6 39. Bb2
Bd2 40. Re2 Bf4 41. Re1 a5 42. e6 Bd6 43. g4 hxg4 44. hxg4 a4 45. Kg2 a3 46.
Bd4 Bb4 47. Re2 Rd8 48. Ba1 Re8 49. Bd4 Bd3 50. Re3 Bc4 51. Kf3 Bxe6 52. Ba1
Rf8+ 53. Kg3 Bd6+ 54. Kh3 Bf4 55. Rxe6 Bg5 56. Ra6 Rf3+ 57. Kg2 Rb3 58. Rg6 Bf4
59. Rxg7+ Kf8 60. Kf2 Be3+ 61. Ke2 Bh6 62. Rh7 Bc1 63. Rh8+ Kf7 64. Rh7+ Kg6
65. Rh1 Re3+ 66. Kf2 Kg5 67. Rxc1 Kxg4 68. Kxe3 Kf5 69. Re1 Ke6 70. Kf3+ Kd5
71. Re3 Kc4 72. Rxa3 Kb4 73. Re3 Ka4 74. Ke2 Kb4 75. Kd2 Kc4 76. Rh3 Kd5 77.
Rh4 Kc5 78. Kd3 Kb5 79. Kc3 Kc5 80. Rh5+ Kd6 81. Kc4 Ke6 82. Kd4 Kf6 83. Ke4+
Kg6 84. Ra5 Kh6 85. Kf4 Kg6 86. Kg4 Kh6 87. Bg7+ Kg6 88. Ra6+ Kxg7 89. Kf5 Kh7
90. Kg5 Kg7 91. Ra7+ Kf8 92. Kg6 Ke8 93. Kf6 Kd8 94. Ke6 Kc8 95. Kd6 Kb8 96.
Rh7 Kc8 97. Rg7 Kb8 98. Kc6 Ka8 99. Kb6 Kb8 100. Rg8# 1-0

[Event "DEM U10/U10w 2013"]
[Site "Oberhof GER"]
[Date "2013.05.25"]
[Round "11"]
[White "Jaenecke, Maike"]
[Black "Huppert, Anna"]
[Result "1-0"]
[Termination "normal"]
[Board "47"]
[WhiteElo "968"]
[BlackElo "793"]
[PlyCount "73"]
[BlackFideId "16214439"]
[EventCountry "GER"]
[EventRounds "11"]
[EventType "swiss"]
[EventDate "2013.05.18"]

1. e4 e5 2. Nf3 Nc6 3. Bc4 Bc5 4. d3 Nf6 5. c3 d6 6. O-O Be6 7. Bb3 O-O 8. Bc2
Ng4 9. d4 Bb6 10. h3 Nh6 11. Bxh6 Qf6 12. Bg5 Qg6 13. d5 Bd7 14. dxc6 bxc6 15.
Nbd2 h6 16. Be3 Bxh3 17. Nh4 Qe6 18. Bb3 Qd7 19. Bxb6 Bg4 20. Nhf3 cxb6 21. Qc2
Qe7 22. Rfe1 Qf6 23. Qd3 Qg6 24. g3 Qh5 25. Kf1 Qh3+ 26. Ke2 Rae8 27. Kd1 Qg2
28. Kc2 d5 29. exd5 e4 30. Nxe4 Bxf3 31. Nd2 Qxf2 32. Rf1 Qxg3 33. Nxf3 Qg2+
34. Nd2 Re7 35. Rg1 Qf2 36. Qd4 Re3 37. Qxg7# 1-0